| 000 | 02174cam a2200361 a 4500 | ||
|---|---|---|---|
| 999 |
_c9979 _d9979 |
||
| 001 | 34322879 | ||
| 003 | OCoLC | ||
| 005 | 20210208101713.0 | ||
| 008 | 960209s1996 caua b 000 0 eng | ||
| 010 | _a96004988 | ||
| 020 | _a0830718397 | ||
| 020 | _a9780830718399 | ||
| 035 |
_a(OCoLC)34322879 _z(OCoLC)993982132 |
||
| 040 |
_aDLC _beng _cDLC _dBAKER _dBTCTA _dYDXCP _dBDX _dUWT _dOCLCF _dNA5 _dOCLCQ |
||
| 050 | 0 | 0 |
_aBV5055 _bT747F |
| 082 | _bT747F | ||
| 090 |
_aBV5055 _bT747F |
||
| 100 | 1 | _aTowns, Elmer L | |
| 245 | 1 | 0 |
_aFasting for spiritual breakthrough / _cElmer L. Towns |
| 260 |
_aVentura, Calif. : _bRegal Books, _c©1996 |
||
| 300 |
_a251 pages : _billustrations ; _c22 cm |
||
| 336 |
_atext _btxt _2rdacontent |
||
| 337 |
_aunmediated _bn _2rdamedia |
||
| 338 |
_avolume _bnc _2rdacarrier |
||
| 504 | _aIncludes bibliographical references (pages 249-251) | ||
| 505 | 0 | _aForeword / William R. Bright -- Introduction: A serious call for a devout return to the discipline of fasting -- The fasts God chooses -- The disciple's fast -- The Ezra fast -- The Samuel fast -- The Samuel fast -- The Elijah fast -- The widow's fast -- The Saint Paul fast -- The Daniel fast -- The John the baptist fast -- The Esther fast -- APPENDICES -- 1. Fasting: Giving our bodies a break -- 2. Fasting: Glossary -- 3. Comments about fasting by Christian leaders -- 4. How to keep a fasting journal -- 5. Biblical references to fasting -- 6. Annotated bibliography | |
| 520 | _aDiscover nine ways to break bondage and get closer to God through fasting. Learn how fasting can strengthen your faith and draw you closer to God, helping you to be a true overcomer in Christ. This book gives you the biblical reasons for fasting, and introduces you to nine biblical fasts - each designed for a specific physical and spiritual outcome. -- cover | ||
| 650 | 0 |
_aFasting _xReligious aspects _xChristianity |
|
| 650 | 0 |
_aFasting _xBiblical teaching |
|
| 856 | 4 | 2 |
_3Contributor biographical information _uhttp://catdir.loc.gov/catdir/enhancements/fy0902/96004988-b.html |
| 856 | 4 | 2 |
_3Publisher description _uhttp://catdir.loc.gov/catdir/enhancements/fy0902/96004988-d.html |
| 942 |
_2ddc _cBK |
||